Statistics for NASA Spacecraft Call Signs

Click here to take the quiz!

General Stats

  • This quiz has been taken 373 times
  • The average score is 10 of 27

Answer Stats

Answer% Correct
Challenger
86%
Eagle
84%
Columbia
79%
Discovery
73%
Atlantis
71%
Endeavour
65%
Enterprise
63%
Freedom 7
41%
Snoopy
37%
Friendship 7
36%
Charlie Brown
31%
Falcon
31%
Liberty Bell 7
29%
Aquarius
28%
Odyssey
28%
Spider
23%
Aurora 7
21%
America
20%
Gumdrop
20%
Sigma 7
19%
Kitty Hawk
18%
Faith 7
17%
Intrepid
16%
Yankee Clipper
16%
Antares
14%
Orion
14%
Casper
13%

Score Distribution

Percentile by Number Answered

Percent of People with Each Score

Your Score History

You have not taken this quiz